Befreite sudanesische Christin wieder festgenommen

Bei ihrer Ausreise aus dem Sudan in die USA wurde Mariam Jahia Ibrahim Ishag noch am Flughafen wieder festgenommen

Saved in:  
Bibliographic Details
Format: Print Article
Language:German
Check availability: HBZ Gateway
Interlibrary Loan:Interlibrary Loan for the Fachinformationsdienste (Specialized Information Services in Germany)
Published: 2014
In: Vatikan, Ausland, EU
Year: 2014, Volume: 118, Pages: 12
IxTheo Classification:SB Catholic Church law
Further subjects:B Human rights
B Religious freedom
B Usa
B Islam
B Africa
B Christian
B Christianity
B Freedom

MARC

LEADER 00000caa a22000002c 4500
001 176358741X
003 DE-627
005 20260106152634.0
007 tu
008 210719s2014 xx ||||| 00| ||ger c
035 |a (DE-627)176358741X 
035 |a (DE-599)KXP176358741X 
040 |a DE-627  |b ger  |c DE-627  |e rakwb 
041 |a ger 
084 |a 1  |2 ssgn 
245 0 0 |a Befreite sudanesische Christin wieder festgenommen 
264 1 |c 2014 
336 |a Text  |b txt  |2 rdacontent 
337 |a ohne Hilfsmittel zu benutzen  |b n  |2 rdamedia 
338 |a Band  |b nc  |2 rdacarrier 
520 |a Bei ihrer Ausreise aus dem Sudan in die USA wurde Mariam Jahia Ibrahim Ishag noch am Flughafen wieder festgenommen 
601 |a Sudanesen 
601 |a Christin 
650 0 7 |0 (DE-588)4010071-6  |0 (DE-627)106359940  |0 (DE-576)208885773  |a Christ  |2 gnd 
650 0 7 |0 (DE-588)4010074-1  |0 (DE-627)104493933  |0 (DE-576)20888579X  |a Christentum  |2 gnd 
650 0 7 |0 (DE-588)4018326-9  |0 (DE-627)106326430  |0 (DE-576)208923810  |a Freiheit  |2 gnd 
650 0 7 |0 (DE-588)4027743-4  |0 (DE-627)106283499  |0 (DE-576)20897220X  |a Islam  |2 gnd 
650 0 7 |0 (DE-588)4074725-6  |0 (DE-627)106088556  |0 (DE-576)209195088  |a Menschenrecht  |2 gnd 
650 0 7 |0 (DE-588)4125186-6  |0 (DE-627)105742090  |0 (DE-576)209574488  |a Religionsfreiheit  |2 gnd 
651 7 |0 (DE-588)4000695-5  |0 (DE-627)10437036X  |0 (DE-576)208839046  |a Afrika  |2 gnd 
651 7 |0 (DE-588)4078704-7  |0 (DE-627)106076612  |0 (DE-576)209209682  |a Usa  |2 gnd 
652 |a SB 
773 0 8 |i Enthalten in  |t Vatikan, Ausland, EU  |d Bonn : KNA, 2007  |g 118(2014), Seite 12  |w (DE-627)584012802  |w (DE-600)2459454-4  |w (DE-576)474194167  |7 nnas 
773 1 8 |g volume:118  |g year:2014  |g pages:12 
935 |a DAKR 
951 |a AR 
CAN |a 1 
ELC |b 1 
LOK |0 000 xxxxxcx a22 zn 4500 
LOK |0 001 3955870294 
LOK |0 003 DE-627 
LOK |0 004 176358741X 
LOK |0 005 20210719144140 
LOK |0 008 210719||||||||||||||||ger||||||| 
LOK |0 035   |a (DE-Tue135-3)DAKAR1_46743 
LOK |0 035   |a (DE-Tue135-3)DAKAR1_49515 
LOK |0 040   |a DE-Tue135-3  |c DE-627  |d DE-Tue135-3 
LOK |0 092   |o n 
LOK |0 852   |a DE-Tue135-3 
LOK |0 852 1  |9 00 
LOK |0 935   |a msmi 
LOK |0 936ln  |0 1442053313  |a SB 
LOK |0 939   |a 19-07-21  |b l01 
ORI |a SA-MARC-ixtheoa001.raw 
STA 0 0 |a Africa,Africa,Christian,Christian,Christianity,Christian world view,World view,Christian ideology,Freedom,Freedom,Liberty,Liberty in art,Human rights,Human rights,Islam,Islam,Religious freedom,Freedom of religion,Religious liberty 
STB 0 0 |a Afrique,Christianisme,Christianisme,Chrétien,Chrétien,Droit de l’homme,Droitsde l’homme,Droit humain,Droit humain,Droits de l'homme (droit international),Droit humain (motif),Droit humain,Islam,Islam,Liberté religieuse,Liberté,Liberté 
STC 0 0 |a Cristianismo,Cristianismo,Cristiandad,Cristiandad,Cristiandad (Motivo),Cristiandad,Cristiano,Cristiano,Derechos Humanos,Derechos Humanos,Islam,Islam,Libertad de religión,Libertad,Libertad,África 
STD 0 0 |a Africa,Cristianesimo,Cristianesimo,Cristiano,Cristiano,Diritti umani <motivo>,Diritti umani,Diritti dell'uomo,Diritti dell'uomo,Diritti dell'uomo (motivo),Diritti dell'uomo,Islam,Islam,Libertà di religione,Libertà,Libertà 
STE 0 0 |a 人权,伊斯兰教,伊斯兰教,回教,回教,基督徒,基督徒,基督教,基督教,基督教世界观,宗教自由,信教自由,自由,自由 
STF 0 0 |a 人權,伊斯蘭教,伊斯蘭教,回教,回教,基督徒,基督徒,基督教,基督教,基督教世界觀,宗教自由,信教自由,自由,自由 
STG 0 0 |a Cristianismo,Cristianismo,Cristandade,Cristandade,Cristandade (Motivo),Cristandade,Cristão,Cristão,Direitos Humanos,Direitos Humanos,Islã,Islã,Liberdade de religião,Liberdade,Liberdade,África 
STH 0 0 |a Африка (мотив),Ислам (мотив),Ислам,Права человека (мотив),Права человека,Свобода (мотив),Свобода,Свобода вероисповедания,Христианин (мотив),Христианин,Христианство (мотив),Христианство 
STI 0 0 |a Ανθρώπινα δικαιώματα <μοτίβο>,Ανθρώπινα δικαιώματα,Δικαιώματα του ανθρώπου,Δικαιώματα του ανθρώπου (μοτίβο),Αφρική (μοτίβο),Ελευθερία (μοτίβο),Ελευθερία,Θρησκευτική ελευθερία,Ισλάμ (μοτίβο),Ισλάμ,Χριστιανισμός (μοτίβο),Χριστιανισμός,Χριστιανός (μοτίβο),Χριστιανός 
SUB |a CAN 
SYE 0 0 |a Crist , Christin,Christen,Christliche Persönlichkeit,Christen , Christianity,Christliche Mission,Missionierung,Christenheit,Christianitas,Christliche Religion,Christliche Weltanschauung , Freedom , Islam , Menschenrechte,Menschenrechte , Religiöse Freiheit 
SYF 0 0 |a Subsaharisches Afrika,Africa,Afrikanische Länder,Afrikanische Staaten